Normal view
MARC view
Entry Personal Name
001 - CONTROL NUMBER
- control field: 157587
003 - CONTROL NUMBER IDENTIFIER
- control field: OSt
005 - DATE AND TIME OF LATEST TRANSACTION
- control field: 20220923211040.0
008 - FIXED-LENGTH DATA ELEMENTS
- fixed length control field: 220923|| aca||aabn | a|a d
040 ## - CATALOGING SOURCE
- Original cataloging agency: OSt
- Transcribing agency: OSt
100 ## - HEADING--PERSONAL NAME
- Personal name: सिन्हा, प्रसून
670 ## - SOURCE DATA FOUND
- Source citation: Work cat.: (OSt)294479: सिन्हा, प्रसून, भरतीय सिनेमा* एक अनन्त यात्रा* सिनेमा, देश काल और समाज एक अध्ययन, 2006
